Steady-state flow-sheeting of chemical plants

Wedi'i Gadw mewn:
Manylion Llyfryddiaeth
Prif Awdur: Benedek, P (Awdur)
Fformat: Llyfr
Iaith:Saesneg
Cyhoeddwyd: Budapest Elsevier 1980
Cyfres:Chemical Engineering Monographs, 12
Pynciau:
Tagiau: Ychwanegu Tag
Dim Tagiau, Byddwch y cyntaf i dagio'r cofnod hwn!

MARC

LEADER 00000nam a2200000 a 4500
001 UCY7110
003 CL-VaPUC
008 950609e19800000HU |||||||||||||||||eng|d
082 0 4 |a 660.281  |b BEN  |2 21 
100 0 |a Benedek, P  |e author  |9 337385 
245 1 0 |a Steady-state flow-sheeting of chemical plants 
300 |a 410 p 
942 |c BK 
945 |d 19950609 00:00:00  |a awong 
260 |a Budapest  |b Elsevier  |c 1980 
650 0 |a Automatización   |9 299909 
650 7 |a PLANTAS QUIMICAS  |2 CL-VaPUC  |9 336641 
650 0 |a Industria química   |9 337387 
650 7 |a CONTROL POR COMPUTADOR  |2 CL-VaPUC  |9 337388 
650 0 |a Aplicaciones de computadores  |9 260401 
583 |a last modification  |c 19950609 00:00:00  |k Rodrigo Vera 
490 0 |a Chemical Engineering Monographs, 12 
999 |c 234559  |d 234557 
952 |0 0  |1 0  |4 0  |6 660_281000000000000_BEN_1980  |7 0  |8 A  |9 241088  |a BIBING  |b BIBING  |d 2019-11-18  |i 3086496  |o 660.281 BEN 1980  |p 3086496  |r 2025-01-20  |w 2019-11-18  |y BK  |k EIQ 
952 |0 0  |1 0  |4 0  |6 660_281000000000000_BEN_1980  |7 0  |8 A  |9 241089  |a BIBING  |b BIBING  |d 2019-11-18  |i 1693484  |o 660.281 BEN 1980  |p 1693484  |r 2025-01-20  |w 2019-11-18  |y BK  |k EIB